John Williams Scored Movies Quiz Stats

Quiz Updated Jun 22, 2013

Challenge
Share
Tweet
Embed
Score 0/15 Timer 03:00
1 Play Today
% Correct
Raiders of the Lost Ark
92.1%
Jurassic Park
90.5%
E.T.
89.7%
The Empire Strikes Back
89.1%
Jaws
88.1%
Schindler's List
85.8%
Close Encounters of the Third Kind
81.6%
Harry Potter and the Chamber of Secrets
64.1%
% Correct
Empire of the Sun
60.7%
Amistad
53.9%
The Adventures of Tintin
53.2%
Home Alone
49.8%
The Patriot
45.5%
Towering Inferno
33.3%
The Reivers
21.8%

You're not logged in!

Compare scores with friends on all Sporcle quizzes.
Sign Up with Email
OR
Log In

You Might Also Like...

Show Comments

Extras

Top Quizzes Today


Score Distribution

Your Account Isn't Verified!

In order to create a playlist on Sporcle, you need to verify the email address you used during registration. Go to your Sporcle Settings to finish the process.